000 00363nam a2200157Ia 4500
005 20250425161151.0
008 250425s9999 xx 000 0 und d
041 _aeng
082 _a511.5
245 0 _aGRAPHS; AN INTRODUCTION TO THE USES OF GRAPHI
250 _aS.E.
260 _aS.L.
260 _aSin Pais
_bS.E.
_c1966
942 _c01
010 _a14189
999 _c203750
_d203750